zpět

Detail výsledku týmu

KEGzistence, Plzeň

Datum a čas kvízu

34 Celkem bodů Celkový počet nahraných bodů na tomto kvízu bez doplňovacích otázek.
4. Pořadí na kvízu Konečné umístění týmu na tomto kvízu.

Zaznamenané odpovědi

# Otázka Odpověď Body Výsledky
1. V Rokycanech podal minulý týde... členy Ku-klux-klanu 1
2. Francouzské námořnictvo muselo... A 1
3. Český rozhlas minulý týden ozn... Libor Bouček 1
4. Ministryně financí Alena Schil... Kobra 1
5. Africké fotbalové mistrovství... Maroko 1
1. Vítězné téma „vražedně“ těsnéh... Hercule Poirot 1
2. Půl bodu získáte za jméno fikt... Harry (Hieronymus) Bosch, Michael Connelly 0.5
3. Přiřaďte autory severských det... 1B 2C 3A 4D 0
4. Stopy, kořist, smrt, ticho, zl... Dokonalý (Dokonalá/Dokonalé), Helen Fields 0
5. Jednou z nejúspěšnějších český... Zmizela v mlze (Norsko), Ostrov šedých mnichů (Nizozemsko) 0